| 000 | 00580nam a2200193Ii 4500 | ||
|---|---|---|---|
| 003 | JO-AjNU | ||
| 008 | 230605s9999||||xx |||||||||||||| ||und|| | ||
| 040 |
_aJO-AjNU _bara _erda _cJO-AjNU |
||
| 041 | _aara | ||
| 050 | 1 | 4 | _aPJ7541 1981 |
| 100 | 3 |
_aجودية، عماد, _eauthor _917972 |
|
| 245 | 0 | 0 | _aسنابل الحب |
| 264 | 3 | 1 | _aبيروت: دار الآفاق الجديدة، 1981 |
| 300 | _a175ص | ||
| 336 |
_atext _btxt _2rdacontent |
||
| 337 |
_aunmediated _bn _2rdamedia |
||
| 338 |
_avolume _bnc _2rdacarrier |
||
| 650 | 4 |
_aالأدب العربي - قصص _917973 |
|
| 999 |
_aA5661 _c9229 _d9229 |
||